000 00320nam a22001217a 4500
999 _c9469
_d9469
003 OSt
008 201203b ||||| |||| 00| 0 eng d
245 _aChina Textile Science
250 _a2013( Feb No.1, Apr No.2)
260 _bTextile Publishing Ltd.
_aHong Kong, China
650 _aTextile Engineering
942 _2ddc
_cBV